000 00497nam a2200193Ia 4500
003 OSt
005 20220926044543.0
006 a|||||r|||| 00| 0
007 ta
008 220923b |||||||| |||| 00| 0 eng d
037 _cGeneral Book
040 _aRTL
_cRTL
_beng
041 _2eng
_aeng
082 _aX:8:(B25), J5
100 _aHanson Kermit o
_9344668
245 0 _aManagerial statistics
942 _hX:8:(B25), J5
_cGB
_2CC
999 _c675186
_d675186